| Tag |
First Indicator |
Second Indicator |
Subfields |
| LEADER |
00000cam a2200000 a 4500 |
| 001 |
in00000090552 |
| 005 |
20151008063747.0 |
| 007 |
he bm----b--- |
| 008 |
810528r19791805kyu b 00010beng d |
| 035 |
|
|
|a (OCoLC)07453413
|
| 035 |
|
|
|9 AAK2878AM
|
| 040 |
|
|
|a GUA
|c GUA
|d TXA
|d UtOrBLW
|
| 049 |
|
|
|a TXAI
|
| 099 |
|
|
|a fiche
|a C
|a 3793
|
| 100 |
1 |
|
|a Marriott, John,
|d 1762-1797.
|
| 245 |
1 |
0 |
|a Poems /
|c by John Marriott. To which is prefixed a short account of the author, including extracts from some of his letters.
|
| 264 |
|
1 |
|a New-Bedford :
|b A. Shearman, jun,
|c 1805.
|
| 300 |
|
|
|a xlii, 141 pages ;
|c 17 cm.
|
| 336 |
|
|
|a text
|b txt
|2 rdacontent
|
| 337 |
|
|
|a microform
|b h
|2 rdamedia
|
| 338 |
|
|
|a microfiche
|b he
|2 rdacarrier
|
| 500 |
|
|
|a The English edition has title: A short account of John Marriott ... To which are added some of his poetical productions. Doncaster, 1803.
|
| 500 |
|
|
|a "Printed in England, 1803."
|
| 500 |
|
|
|a "Sabin : 44692."
|
| 500 |
|
|
|a "Copied from the original in the Library of Congress."
|
| 533 |
|
|
|a Microform.
|b Louisville, [Ky.] :
|c Lost Cause Press,
|d 1979.
|e 3 microfiches : negative ; 10 x 15 cm.
|f ([Bibliotheca Americana. Selected Americana. Microfiche ed. / J. Sabin]) (Fiche book)
|
| 500 |
|
|
|a Microform.
|
| 600 |
1 |
0 |
|a Marriott, John,
|d 1762-1797.
|
| 740 |
2 |
|
|a A short account of John Marriott
|h microform
|
| 999 |
|
|
|a MARS
|
| 999 |
f |
f |
|s a9ac0045-b9e1-3b4a-b236-a2be7af766e5
|i 8359d44a-8e0c-30f2-8868-89845d569e1b
|t 0
|
| 952 |
f |
f |
|p normal
|a Texas A&M University
|b College Station
|c Sterling C. Evans Library
|d Evans: Microforms (3rd floor)
|t 0
|e fiche C 3793
|h Other scheme
|i microform -- microfiche
|m A14821395433
|
| 998 |
f |
f |
|a fiche C 3793
|t 0
|l Evans: Microforms (3rd floor)
|